000 00766cam a22002531 4500
001 1967997
003 GBCCL
005 20241126110345.0
008 991210s1910 enk 000 0 eng d
035 _a(OCoLC)ocn684238855
035 _a1967997
040 _aYUS
_cYUS
049 _aYUSW
082 _a177.1
_bBEG
099 _aKp83
_a907bc
100 1 _aBegbie, Harold,
_d1871-1929.
_91080
245 1 0 _aBroken earthenware;
_ba footnote in narrative to Professor William James's study in human nature "The varieties of religious experience,"
_cby Harold Begbie ...
250 _a3d ed.
260 _aLondon,
_bHodder and Stoughton,
_c1910.
300 _a286 p.
_c20 cm.
500 _aAlso pub. under title: Twice-born men.
942 _2ddc
_cBK
948 _aRECON
999 _c770
_d770